Sports Quiz

Random Sports or Hockey Quiz
Score 0/29 Timer 10:00
0 Plays Today
NHL Affiliate Team(s) AHL Team % Correct
Boston BruinsProvidence Bruins
81.4%
Pittsburgh PenguinsWilkes-Barre|Scranton Penguins
76.4%
Dallas StarsTexas Stars
74.8%
Washington CapitalsHershey Bears
74%
New Jersey DevilsLowell Devils
73.6%
Toronto Maple LeafsToronto Marlies
73.6%
Ottawa SenatorsBinghamton Senators
70.9%
San Jose SharksWorcester Sharks
69.8%
Philadelphia FlyersAdirondack Phantoms
69.4%
Florida PanthersRochester Americans
65.1%
Los Angeles KingsManchester Monarchs
64.3%
Montreal CanadiensHamilton Bulldogs
62.4%
Carolina HurricanesAlbany River Rats
61.2%
New York IslandersBridgeport Sound Tigers
60.9%
Tampa Bay LightningNorfolk Admirals
59.7%
NHL Affiliate Team(s) AHL Team % Correct
New York RangersHartford Wolf Pack
59.3%
Nashville PredatorsMilwaukee Admirals
58.5%
Atlanta ThrashersChicago Wolves
58.1%
Vancouver CanucksManitoba Moose
58.1%
Detroit Red WingsGrand Rapids Griffins
53.9%
Calgary FlamesAbbotsford Heat
52.3%
St. Louis BluesPeoria Rivermen
51.6%
Buffalo SabresPortland Pirates
50.4%
Columbus Blue JacketsSyracuse Crunch
50%
Minnesota WildHouston Aeros
48.8%
Colorado AvalancheLake Erie Monsters
47.7%
Anaheim Ducks, Phoenix CoyotesSan Antonio Rampage
45.7%
Edmonton OilersSpringfield Falcons
44.6%
Chicago BlackhawksRockford IceHogs
41.9%
Remove Ads.
Support Sporcle.
Get the best of Sporcle when you Go Orange. This ad-free experience offers more features, more stats, and more fun while also helping to support Sporcle. Thank you for becoming a member.

You're not logged in!

Compare scores with friends on all Sporcle quizzes.
OR
Log In

Show Comments

Extras

Top Quizzes Today


Score Distribution

Your Account Isn't Verified!

In order to create a playlist on Sporcle, you need to verify the email address you used during registration. Go to your Sporcle Settings to finish the process.

Report this User

Report this user for behavior that violates our Community Guidelines.

Details: